Projekt distancionnogo obrazovanija v universitete

Problematika jednotného systému dištančného vzdelávania. Inštitút dištančného vzdelávania. Štruktúra Inštitútu dištančného vzdelávania: organizačná štruktúra, príprava učebných materiálov a technologická podpora. Základné učebné materiály. Technologická podpora a programové zabezpečenie. Algoritmus...

Descrizione completa

Salvato in:
Dettagli Bibliografici
Autore principale: Kultan, Jaroslav, 1960-
Natura: Capitolo di libro
Lingua:russo
Soggetti:
Tags: Aggiungi Tag
Nessun Tag, puoi essere il primo ad aggiungerne!!

MARC

LEADER 00000naa$a2200000$$$4500
001 0152761
005 20240502083347.9
041 0 |a rus 
044 |a RU 
245 1 0 |a Projekt distancionnogo obrazovanija v universitete  |c Ja. Kultan 
520 |a Problematika jednotného systému dištančného vzdelávania. Inštitút dištančného vzdelávania. Štruktúra Inštitútu dištančného vzdelávania: organizačná štruktúra, príprava učebných materiálov a technologická podpora. Základné učebné materiály. Technologická podpora a programové zabezpečenie. Algoritmus vyučovacieho procesu. 
610 2 0 |a vzdelávanie dištančné 
610 2 0 |a vzdelávanie elektronické 
610 2 0 |a technológie informačné 
610 2 0 |a technológie komunikačné 
610 2 0 |a vyučovanie 
100 1 |a Kultan, Jaroslav, 1960-